Mots de la langue française terminés par "line" - Statistiques

Statistiques générales
  • Ce quiz a été pris 186 fois
  • Le résultat moyen est 14 sur 31
Statistiques - réponses
Indice Mot % Correct
enfant qui a perdu l'un de ses parents, ou les deux orpheline
92%
ayant l'aspect ou le comportement d'un chat féline
89%
affectueuese câline
86%
prénom Aline
80%
purée très légère mousseline
80%
homme d'état soviétique Staline
75%
butte colline
70%
voiture berline
66%
prénom Pauline
63%
prénom Adeline
61%
lubrifiant vaseline
61%
hormone sécrétée par le pancréas insuline
60%
bonbon praline
60%
prénom Céline
56%
prénom Caroline
54%
oléoduc pipeline
53%
instruent de musique mandoline
41%
antibiotique pénicilline
32%
prénom Jacqueline
31%
prénom Pascaline
30%
prénom Charline
29%
prénom Micheline
27%
marais saline
27%
grande marée maline
24%
plongeoir trampoline
19%
prénom Roseline
17%
camphre de goudron naphtaline
16%
petite martre d'Asie zibeline
16%
noisette aveline
13%
réglement discipline
5%
désobéissance indiscipline
4%
Aucun quiz correspondant
Distribution des résultats
% des personnes avec chaque résultat
Percentile par nombre de réponses
Votre historique - résultats
Vous n’avez pas pris ce quiz